| 000 | 00666nab a2200193 4500 | ||
|---|---|---|---|
| 001 | 244442 | ||
| 003 | OSt | ||
| 005 | 20240425085837.0 | ||
| 007 | tu | ||
| 008 | 200917s2020||||||| | ||
| 040 |
_aDE-2950 _cDE-2950 |
||
| 245 | 0 | 0 |
_aMarzena Slodownik gewinnt Stichwahl in Slubice _bWahl. Große Überraschung in der Nachbarstadt: Bürgermeister Mariusz Olejniczak muss sein Amt abgeben. Ihm fehlten am Ende 89 Stimmen/ _cThomas Gutke, Lisa Larossa |
| 264 | _c2024 | ||
| 653 | _aSlubice | ||
| 653 | _aBürgermeisterwahl | ||
| 653 | _aMarzena Slodownik | ||
| 773 | 0 |
_g35. Jahrgang (2024) Nr. 95 vom 23.04.2024, S. 13 mit Foto _tMärkische Oderzeitung |
|
| 942 |
_2z _cA |
||
| 999 |
_c373108 _d373108 |
||